E Marks the Spot - Statistics

General Stats
  • This quiz has been taken 116 times
  • The average score is 15 of 21
Answer Stats
Hint Answer % Correct
Not costly Cheap
100%
Excessively fat Obese
95%
Sibling's daughter Niece
94%
'Laughing' animal Hyena
93%
24 hours ago Yesterday
92%
Adversary, foe Enemy
88%
Couple's milestone Anniversary
86%
Skyfall singer Adele
84%
Serious memory loss Amnesia
83%
Olympics spear Javelin
78%
Wood worker Carpenter
72%
Under, below Beneath
69%
Musical drama Opera
68%
Truthfulness Honesty
64%
Phil Collin's band Genesis
60%
23-canton country Switzerland
58%
Kitchen sifter Sieve
51%
Stream, brook Creek
45%
Knight's journey Quest
43%
The Moor of Venice Othello
34%
Tuscan capital (It.) Firenze
32%
No matching quizzes found
Score Distribution
Percent of People with Each Score
Percentile by Number Answered
Your Score History
You have not taken this quiz